|
|
|
|
| LEADER |
00000nab a2200000 ar4500 |
| 001 |
vtls008633598 |
| 003 |
SK-MaSNL |
| 005 |
20260303230253.0 |
| 008 |
060322c2006 xo wr|p|||||||000 b|slo |
| 015 |
|
|
|a SNBRB2006/03
|
| 038 |
|
|
|a SNSK
|
| 040 |
|
|
|a SNSK
|b slo
|c SNSK
|e AACR2
|
| 041 |
0 |
|
|a slo
|
| 044 |
|
|
|a xo
|c SK
|
| 080 |
|
|
|a 664.53
|2 2001
|
| 080 |
|
|
|a 338.3
|2 2001
|
| 100 |
1 |
|
|a Boronkayová, Felícia
|4 aut
|9 838746
|
| 245 |
1 |
0 |
|a Pikantná horčica
|c Felícia Boronkayová
|
| 300 |
|
|
|b Fotogr.
|
| 650 |
0 |
7 |
|a výroba
|2 snsk
|9 15916
|
| 650 |
0 |
7 |
|a horčica
|2 snsk
|9 84826
|
| 773 |
0 |
|
|t Život
|g Roč. 55, č. 7 (2006), s. 46-47
|x 0139-6323
|
| 852 |
|
|
|a SNSK
|b KIS3GCP
|
| 999 |
|
|
|c 2261007
|d 2262937
|